Sửa chữa thiết bị điện
Đặc tính công dụng và đặc điểm của các vật liệu, các trang bị và dụng cụ dùng trong sử chữa điện. Đặc điểm phương pháp và một số biện pháp an toàn chính trong sửa chữa thiết bị điện
Saved in:
| Main Author: | |
|---|---|
| Format: | Book |
| Language: | Vietnamese |
| Published: |
H.
Công nhân kỹ thuật
1986
|
| Edition: | In lần 2 có sửa chữa và bổ sung |
| Subjects: | |
| Tags: |
Add Tag
No Tags, Be the first to tag this record!
|
| Institutions: | Mạng thư viện Đại học Đà Nẵng |
|---|
| LEADER | 01143nam a2200325 4500 | ||
|---|---|---|---|
| 001 | 000013210 | ||
| 003 | 9549 | ||
| 005 | 20120312090327.0 | ||
| 008 | 120312s1986 viesd | ||
| 041 | 0 | |a vie | |
| 082 | |a 621.39 |b HO-T | ||
| 100 | 0 | |a Hoàng Hữu Thận | |
| 245 | 0 | |a Sửa chữa thiết bị điện |c Hoàng Hữu Thận | |
| 250 | |a In lần 2 có sửa chữa và bổ sung | ||
| 260 | |a H. |b Công nhân kỹ thuật |c 1986 | ||
| 300 | |a 260tr : hình vẽ |c 27cm | ||
| 520 | |a Đặc tính công dụng và đặc điểm của các vật liệu, các trang bị và dụng cụ dùng trong sử chữa điện. Đặc điểm phương pháp và một số biện pháp an toàn chính trong sửa chữa thiết bị điện | ||
| 653 | |a Kỹ thuật điện | ||
| 653 | |a thiết bị điện | ||
| 653 | |a sửa chữa | ||
| 700 | |a Hoàng Hữu Thận |e Tác giả | ||
| 910 | |a Thanh |d 14/10/2011 | ||
| OWN | |a LSP | ||
| 999 | |a From the UDN01 | ||
| TYP | |a Monograph | ||
| TYP | |a Printed language | ||
| 980 | |a Mạng thư viện Đại học Đà Nẵng | ||